Control of soil fertility. (Record no. 23736)
[ view plain ]
| 000 -LEADER | |
|---|---|
| fixed length control field | 00393nam a2200145Ia 4500 |
| 082 ## - DEWEY DECIMAL CLASSIFICATION NUMBER | |
| Classification number | 631.452 |
| Item number | COO |
| 100 ## - MAIN ENTRY--AUTHOR NAME | |
| Personal name | COOKE, G W |
| 245 #0 - TITLE STATEMENT | |
| Title | Control of soil fertility. |
| 260 ## - PUBLICATION, DISTRIBUTION, ETC. (IMPRINT) | |
| Place of publication | London |
| Name of publisher | Crosy Lockwood |
| Year of publication | 1967 |
| 490 ## - SERIES STATEMENT | |
| Series statement | Agricultural and horticultural series |
| 650 ## - SUBJECT ADDED ENTRY--TOPICAL TERM | |
| Topical Term | Plant nutrient cycle |
| 650 ## - SUBJECT ADDED ENTRY--TOPICAL TERM | |
| Topical Term | Soil fertility |
| 942 ## - ADDED ENTRY ELEMENTS (KOHA) | |
| Koha item type | Books |
| Withdrawn status | Lost status | Damaged status | Not for loan | Home library | Current library | Date acquired | Full call number | Accession Number | Koha item type |
|---|---|---|---|---|---|---|---|---|---|
| RRII Library | RRII Library | 16/12/2021 | 631.452 COO | 04432 | Books |